[Event "España ch sub-16 2012"]
[Site "Salobreña ESP"]
[Date "2012.07.21"]
[Round "9.11"]
[White "Mercado Larrea, Adrian"]
[Black "Forsberg Conde, Martin"]
[Result "0-1"]
[WhiteElo "1875"]
[BlackElo "2046"]
[PlyCount "98"]
[EventDate "2012.07.16"]
[EventType "swiss"]
[EventRounds "9"]
[EventCountry "ESP"]
[Source "lmi"]
[SourceDate "2012.07.16"]

1. d4 d5 2. c4 e6 3. Nc3 Nf6 4. cxd5 exd5 5. Bg5 Nbd7 6. e3 c6 7. Qc2 Be7 8.
Bd3 O-O 9. Nge2 Re8 10. O-O Nf8 11. f3 Be6 12. Kh1 Rc8 13. Rad1 Bd7 14. e4 dxe4
15. fxe4 Ng4 16. Bxe7 Qxe7 17. Qd2 c5 18. Bc4 Ne6 19. d5 Ng5 20. Qf4 Qe5 21.
Bd3 f6 22. h3 Qxf4 23. Rxf4 Ne5 24. Bb5 Ngf7 25. Rf2 Nd6 26. Bxd7 Nxd7 27. Ng3
Re5 28. b3 Rb8 29. Rc1 h5 30. Re1 Rbe8 31. Rd1 g6 32. h4 Kg7 33. Rdf1 b5 34. a3
b4 35. axb4 cxb4 36. Nce2 Nxe4 37. Nxe4 Rxe4 38. Nf4 Nc5 39. Rf3 Kf7 40. Nh3
Rxh4 41. Rxf6+ Kg7 42. Rf7+ Kh6 43. R1f3 Rd4 44. Nf4 Re1+ 45. Kh2 Rdd1 46. Nh3
Ne4 47. g3 Rd2+ 48. Nf2 Ng5 49. Rd3 Rxd3 0-1

[Event "España ch sub-16 2012"]
[Site "Salobreña ESP"]
[Date "2012.07.21"]
[Round "9.12"]
[White "Perez Barreto, Adrian"]
[Black "Escudero Manzano, Alejandro"]
[Result "0-1"]
[WhiteElo "1961"]
[BlackElo "2192"]
[PlyCount "108"]
[EventDate "2012.07.16"]
[EventType "swiss"]
[EventRounds "9"]
[EventCountry "ESP"]
[Source "lmi"]
[SourceDate "2012.07.16"]

1. d4 Nf6 2. c4 c5 3. d5 g6 4. Nc3 d6 5. e4 Bg7 6. f4 O-O 7. Nf3 Bg4 8. Be2 e6
9. h3 Bxf3 10. Bxf3 exd5 11. cxd5 Re8 12. O-O Nbd7 13. Re1 a6 14. a4 Rb8 15. g4
h6 16. a5 b5 17. axb6 Rxb6 18. h4 Nh7 19. g5 hxg5 20. hxg5 f6 21. gxf6 Bxf6 22.
Re2 Kg7 23. Rg2 Bd4+ 24. Kf1 Qh4 25. Ke2 Ndf6 26. Kd3 Kf7 27. Qe2 Nf8 28. Kc2
Qh3 29. Qd3 Reb8 30. Re2 N8d7 31. Rg2 Nf8 32. Re2 N8d7 33. Rg2 Rg8 34. Bd2 g5
35. e5 g4 36. e6+ Ke7 37. Be4 Qxd3+ 38. Bxd3 Nb8 39. Bc4 Rh8 40. f5 Rh5 41. Rf1
a5 42. b3 Na6 43. Na4 Nb4+ 44. Bxb4 Rxb4 45. Rg3 Be5 46. Rg2 g3 47. Nc3 Ng4 48.
Kd3 Rh2 49. Rxh2 gxh2 50. Ne4 a4 51. Kc2 axb3+ 52. Kd3 b2 53. f6+ Nxf6 54. Nxf6
b1=Q+ 0-1

[Event "España ch sub-16 2012"]
[Site "Salobreña ESP"]
[Date "2012.07.21"]
[Round "9.13"]
[White "Acosta Sosa, Juan Manuel"]
[Black "Rodriguez Garcia, Carlos"]
[Result "1-0"]
[WhiteElo "2166"]
[BlackElo "1866"]
[PlyCount "119"]
[EventDate "2012.07.16"]
[EventType "swiss"]
[EventRounds "9"]
[EventCountry "ESP"]
[Source "lmi"]
[SourceDate "2012.07.16"]

1. d4 f5 2. c4 Nf6 3. Nc3 g6 4. g3 Bg7 5. Bg2 O-O 6. Nh3 d6 7. Nf4 e5 8. dxe5
dxe5 9. Qxd8 Rxd8 10. Nfd5 Rd7 11. Bg5 Nxd5 12. Nxd5 Nc6 13. Nf6+ Bxf6 14. Bxf6
Rd6 15. Bg5 Be6 16. Rc1 Kg7 17. b3 a5 18. Bd2 e4 19. Bf4 Rd7 20. f3 exf3 21.
Bxf3 Kf7 22. Kf2 a4 23. Rhd1 Rxd1 24. Rxd1 axb3 25. axb3 Ra3 26. Bxc6 bxc6 27.
Rd3 Ra7 28. Ke3 c5 29. Be5 h5 30. h4 Ke7 31. Kf4 Kf7 32. Kg5 Ra2 33. e3 Ra3 34.
Bxc7 Ra8 35. Be5 Ra3 36. Bb2 Ra8 37. Kf4 Ke7 38. Be5 Rc8 39. Rd2 Rc6 40. Ra2
Rb6 41. Ra3 Rb7 42. Kg5 Bf7 43. Bf6+ Kd7 44. Kh6 Be8 45. Bg5 Ke6 46. Ra6+ Kd7
47. Ra8 Bf7 48. Kg7 Ke6 49. Ra6+ Ke5 50. Bf4+ Ke4 51. Kf8 Kd3 52. Rf6 Bxc4 53.
bxc4 Kxc4 54. Rxg6 Kd3 55. Rh6 c4 56. Rxh5 c3 57. Rxf5 c2 58. Rc5 Rb5 59. Rc8
Rb7 60. e4 1-0

[Event "España ch sub-16 2012"]
[Site "Salobreña ESP"]
[Date "2012.07.21"]
[Round "9.14"]
[White "Gonzalez Benavides, Jose Antonio"]
[Black "Gutierrez Valero, Mario"]
[Result "0-1"]
[WhiteElo "1918"]
[BlackElo "2135"]
[PlyCount "106"]
[EventDate "2012.07.16"]
[EventType "swiss"]
[EventRounds "9"]
[EventCountry "ESP"]
[Source "lmi"]
[SourceDate "2012.07.16"]

1. e4 c5 2. Nf3 d6 3. d4 cxd4 4. Nxd4 Nf6 5. Nc3 g6 6. Be3 a6 7. f3 b5 8. Nb3
Bb7 9. e5 dxe5 10. Qxd8+ Kxd8 11. Na5 Kc8 12. O-O-O Nbd7 13. Nxb7 Kxb7 14. g4
b4 15. Na4 e6 16. Bc4 Rc8 17. b3 Nc5 18. g5 Nxa4 19. gxf6 Bc5 20. Bxc5 Nxc5 21.
Rhe1 Rhd8 22. Rxe5 Rxd1+ 23. Kxd1 Rd8+ 24. Ke2 Kb6 25. Ke3 Rd6 26. h4 Nd7 27.
Re4 Nxf6 28. Rd4 Ne8 29. Rf4 Rd7 30. Bd3 a5 31. h5 Nc7 32. Rc4 Nd5+ 33. Kf2 Nc3
34. hxg6 hxg6 35. Rc8 Nxa2 36. Ke3 Nc3 37. Rb8+ Rb7 38. Re8 Ra7 39. Kd4 Kc6 40.
Rf8 Kd6 41. Rd8+ Ke7 42. Rc8 Rd7+ 43. Kc5 Rd5+ 44. Kc6 Kf6 45. Rf8 Re5 46. Kd7
Kg7 47. Ke8 f5 48. Rf7+ Kh6 49. Kd7 Nd5 50. Rf8 Kg7 51. Ra8 Nb6+ 52. Kd6 Rd5+
53. Kxe6 Rxd3 0-1

[Event "España ch sub-16 2012"]
[Site "Salobreña ESP"]
[Date "2012.07.21"]
[Round "9.15"]
[White "Iglesias Garcia, Jorge"]
[Black "Rubio Tent, Francisco"]
[Result "1/2-1/2"]
[WhiteElo "1912"]
[BlackElo "2120"]
[PlyCount "65"]
[EventDate "2012.07.16"]
[EventType "swiss"]
[EventRounds "9"]
[EventCountry "ESP"]
[Source "lmi"]
[SourceDate "2012.07.16"]

1. d4 d5 2. c4 e6 3. Nc3 c5 4. e3 Nc6 5. cxd5 exd5 6. Nf3 Nf6 7. Bb5 Be7 8. Ne5
Qd6 9. Qa4 Bd7 10. Nxd7 Nxd7 11. b3 Bf6 12. Ba3 O-O 13. Bxc6 bxc6 14. Ne2 Rfb8
15. Rc1 Rb5 16. Nc3 Rb7 17. Bxc5 Nxc5 18. dxc5 Qxc5 19. Ne2 Qb5 20. Qxb5 cxb5
21. Rc5 Rd8 22. O-O Be7 23. Rc2 Rbd7 24. Nd4 a6 25. Nc6 Re8 26. Nxe7+ Rdxe7 27.
Rd1 Rd7 28. Kf1 Kf8 29. Rc6 Re6 30. Rc8+ Ke7 31. Rd4 g6 32. Ke2 h5 33. Kd3
1/2-1/2

[Event "España ch sub-16 2012"]
[Site "Salobreña ESP"]
[Date "2012.07.21"]
[Round "9.16"]
[White "Ordoñez Torres, Maria Del Carmen"]
[Black "Santos Ruiz, Miguel"]
[Result "0-1"]
[WhiteElo "1913"]
[BlackElo "2106"]
[PlyCount "44"]
[EventDate "2012.07.16"]
[EventType "swiss"]
[EventRounds "9"]
[EventCountry "ESP"]
[Source "lmi"]
[SourceDate "2012.07.16"]

1. e4 e6 2. d4 d5 3. Nc3 Bb4 4. e5 c5 5. Bd2 Ne7 6. Nb5 Bxd2+ 7. Qxd2 O-O 8.
Nf3 a6 9. Nd6 cxd4 10. Bd3 h6 11. g4 Nbc6 12. Nxc8 Nxc8 13. g5 hxg5 14. Rg1 f6
15. exf6 Qxf6 16. Nxg5 Qe5+ 17. Be2 Nd6 18. f3 Nc4 19. Qd3 Rf5 20. h4 Nxb2 21.
Qb3 d3 22. cxd3 Nd4 0-1

[Event "España ch sub-16 2012"]
[Site "Salobreña ESP"]
[Date "2012.07.21"]
[Round "9.17"]
[White "Garcia-Castany Musellas, Galla"]
[Black "Bernal Gomez, Alejandro"]
[Result "1-0"]
[WhiteElo "2042"]
[BlackElo "1785"]
[PlyCount "145"]
[EventDate "2012.07.16"]
[EventType "swiss"]
[EventRounds "9"]
[EventCountry "ESP"]
[Source "lmi"]
[SourceDate "2012.07.16"]

1. e4 c5 2. Nf3 Nc6 3. d4 cxd4 4. Nxd4 g6 5. Nc3 Bg7 6. Nb3 Nf6 7. Be2 d6 8.
O-O O-O 9. Bg5 Re8 10. Kh1 a6 11. f4 Na5 12. e5 Nxb3 13. exf6 exf6 14. Bxf6
Bxf6 15. axb3 Bf5 16. Bf3 Bxc3 17. bxc3 Be4 18. c4 Rc8 19. Bxe4 Rxe4 20. f5 Qe7
21. f6 Qe5 22. Qf3 Re8 23. Rad1 Re1 24. Rdxe1 Qxe1 25. h3 Qe4 26. Qxe4 Rxe4 27.
Rd1 Re6 28. c5 d5 29. c4 d4 30. Rxd4 Rxf6 31. Rd8+ Kg7 32. Rb8 Rc6 33. Rxb7
Rxc5 34. Rb6 Ra5 35. b4 Ra1+ 36. Kh2 Rc1 37. c5 a5 38. bxa5 Rxc5 39. a6 Ra5 40.
Kg3 h5 41. Kf4 g5+ 42. Ke4 f5+ 43. Kd4 g4 44. hxg4 hxg4 45. g3 Ra4+ 46. Ke5 f4
47. gxf4 g3 48. f5 g2 49. Rg6+ Kf7 50. Rxg2 Rxa6 51. Rb2 Ke8 52. Rb7 Kf8 53.
Kf4 Ra1 54. Kg5 Ra6 55. Rh7 Rb6 56. Ra7 Rc6 57. Ra4 Kf7 58. Ra5 Rb6 59. Ra7+
Kf8 60. Kf4 Rb5 61. Ra6 Kf7 62. Kg5 Rb1 63. Ra7+ Kf8 64. Kg6 Rg1+ 65. Kf6 Ke8
66. Ra8+ Kd7 67. Kf7 Rh1 68. f6 Rg1 69. Ra7+ Kd8 70. Kf8 Rg2 71. Rg7 Re2 72. f7
Rf2 73. Kg8 1-0

[Event "España ch sub-16 2012"]
[Site "Salobreña ESP"]
[Date "2012.07.21"]
[Round "9.18"]
[White "Monge Gilgado, Eva Maria"]
[Black "Ruiz Font, Elisabet"]
[Result "1/2-1/2"]
[WhiteElo "1847"]
[BlackElo "2039"]
[PlyCount "70"]
[EventDate "2012.07.16"]
[EventType "swiss"]
[EventRounds "9"]
[EventCountry "ESP"]
[Source "lmi"]
[SourceDate "2012.07.16"]

1. e4 c5 2. Nc3 Nc6 3. g3 g6 4. Bg2 Bg7 5. f4 e6 6. d3 Nge7 7. Nf3 d6 8. O-O
O-O 9. Be3 b6 10. d4 Ba6 11. Re1 Rc8 12. Ne2 d5 13. e5 Nf5 14. Bf2 Bxe2 15.
Rxe2 Ncxd4 16. Nxd4 Nxd4 17. Bxd4 cxd4 18. Qxd4 Rc4 19. Qd3 Qc7 20. c3 Qc5+ 21.
Kh1 a5 22. Rc1 Rc8 23. Rec2 Qc7 24. Bf1 Rc5 25. Qd2 b5 26. Bd3 Qb7 27. Qe2 R8c7
28. b4 axb4 29. cxb4 Rxc2 30. Rxc2 Rxc2 31. Qxc2 Bf8 32. a3 Qa8 33. Qb3 Qc6 34.
Qc2 Qa8 35. Qb3 Qc6 1/2-1/2

[Event "España ch sub-16 2012"]
[Site "Salobreña ESP"]
[Date "2012.07.21"]
[Round "9.19"]
[White "Pinsach Gelabert, Alexandre"]
[Black "Juanes Garcia, Olaya"]
[Result "1-0"]
[WhiteElo "1990"]
[BlackElo "1766"]
[PlyCount "41"]
[EventDate "2012.07.16"]
[EventType "swiss"]
[EventRounds "9"]
[EventCountry "ESP"]
[Source "lmi"]
[SourceDate "2012.07.16"]

1. e4 e6 2. d4 d5 3. Nd2 dxe4 4. Nxe4 Nd7 5. Nf3 Ngf6 6. Nxf6+ Nxf6 7. Bd3 c5
8. dxc5 Qa5+ 9. Bd2 Qxc5 10. Qe2 a6 11. O-O-O Bd7 12. Ne5 Ba4 13. Rhe1 Qc7 14.
Bc4 Rc8 15. Ba5 b6 16. Bxb6 Qxb6 17. Nxf7 Rxc4 18. Qxc4 Bb5 19. Nd6+ Bxd6 20.
Qxe6+ Kf8 21. Rxd6 1-0

[Event "España ch sub-16 2012"]
[Site "Salobreña ESP"]
[Date "2012.07.21"]
[Round "9.20"]
[White "Ananian, Arman"]
[Black "Romero Calduch, Sergio"]
[Result "1/2-1/2"]
[WhiteElo "1823"]
[BlackElo "1963"]
[PlyCount "122"]
[EventDate "2012.07.16"]
[EventType "swiss"]
[EventRounds "9"]
[EventCountry "ESP"]
[Source "lmi"]
[SourceDate "2012.07.16"]

1. Nf3 Nf6 2. g3 g6 3. Bg2 Bg7 4. O-O O-O 5. d3 d5 6. Nbd2 c5 7. c4 e6 8. Rb1
Nc6 9. a3 b6 10. b4 cxb4 11. axb4 Bb7 12. Ba3 dxc4 13. Nxc4 Re8 14. b5 Nd4 15.
Nxd4 Bxg2 16. Nxe6 Rxe6 17. Kxg2 Qd5+ 18. f3 Qh5 19. e4 a6 20. bxa6 b5 21. Nd6
Bf8 22. Rxb5 Qh6 23. Bc1 Qg7 24. Nc4 Rexa6 25. Rf2 Be7 26. Bb2 Qf8 27. Qb3 Nd7
28. d4 Bf6 29. Nb6 Nxb6 30. Rxb6 Qd8 31. Rxa6 Rxa6 32. d5 Rb6 33. Bxf6 Qxf6 34.
Qa3 h5 35. Qc5 h4 36. Qc8+ Kg7 37. Qg4 hxg3 38. Qxg3 Qd4 39. h4 Rb1 40. h5 Rb6
41. Qg5 Rf6 42. h6+ Kh7 43. Kg3 Qa1 44. Kg2 Qd4 45. Rf1 Qb2+ 46. Kg3 Qd4 47.
Kg4 Qb2 48. Rf2 Qa1 49. Rg2 Qc3 50. Rg3 Qd4 51. Kh4 Qb2 52. Kg4 Qd4 53. Rg2 Qc3
54. Rf2 Qa1 55. Qd2 Qe5 56. Qg5 Qa1 57. Qd2 Qe5 58. Qg5 Qa1 59. Rg2 Qc3 60. f4
Qd4 61. Re2 Qg1+ 1/2-1/2

[Event "España ch sub-16 2012"]
[Site "Salobreña ESP"]
[Date "2012.07.21"]
[Round "9.21"]
[White "Martin Garcia, Guillermo"]
[Black "Garcia Martinez, Marcos"]
[Result "1-0"]
[WhiteElo "1963"]
[BlackElo "1849"]
[PlyCount "59"]
[EventDate "2012.07.16"]
[EventType "swiss"]
[EventRounds "9"]
[EventCountry "ESP"]
[Source "lmi"]
[SourceDate "2012.07.16"]

1. e4 e6 2. d3 d5 3. Nd2 Nf6 4. Ngf3 c5 5. g3 Nc6 6. Bg2 Be7 7. O-O b6 8. Re1
Bb7 9. c3 h6 10. a3 g5 11. h3 Qc7 12. Nf1 O-O-O 13. e5 Nd7 14. d4 Rdg8 15. N3h2
h5 16. Be3 c4 17. b3 Na5 18. bxc4 Nxc4 19. Nd2 Nxd2 20. Bxd2 Ba6 21. Nf1 g4 22.
h4 Nb8 23. Ne3 Nc6 24. Qa4 Qb7 25. Rec1 b5 26. Qc2 Kd7 27. a4 Rc8 28. axb5 Bxb5
29. c4 Nxd4 30. Qd3 1-0

[Event "España ch sub-16 2012"]
[Site "Salobreña ESP"]
[Date "2012.07.21"]
[Round "9.22"]
[White "Gonzalez Santamartina, Jorge"]
[Black "Jimenez Almeida, Luis David"]
[Result "0-1"]
[WhiteElo "1795"]
[BlackElo "2097"]
[PlyCount "118"]
[EventDate "2012.07.16"]
[EventType "swiss"]
[EventRounds "9"]
[EventCountry "ESP"]
[Source "lmi"]
[SourceDate "2012.07.16"]

1. e4 e6 2. d3 d5 3. Nd2 Nf6 4. g3 c5 5. Bg2 Nc6 6. Ngf3 Be7 7. O-O O-O 8. Re1
b5 9. Qe2 a5 10. e5 Nd7 11. Nf1 b4 12. h4 a4 13. Bf4 Ba6 14. a3 bxa3 15. bxa3
Rb8 16. Rab1 Qc7 17. Ne3 Nd4 18. Nxd4 cxd4 19. Nxd5 exd5 20. e6 Bd6 21. Bxd6
Qxd6 22. exd7 Qxd7 23. Qe5 Rbc8 24. Qxd4 Rxc2 25. Qxd5 Qxd5 26. Bxd5 Bxd3 27.
Rb4 Rc5 28. Be4 Bb5 29. Re3 g6 30. Bd3 Bc6 31. Rc4 Rxc4 32. Bxc4 Rb8 33. f3 Kf8
34. Kf2 Rb2+ 35. Re2 Rb1 36. Re3 Rc1 37. Ba6 Ra1 38. Bc4 Rc1 39. Ba6 Rc5 40.
Bd3 Bd5 41. g4 Bb3 42. Re4 Bd1 43. Be2 Rc2 44. f4 Ra2 45. g5 Bb3 46. Kg1 Rxa3
47. Bb5 Ra1+ 48. Kh2 a3 49. Bc4 a2 50. Bxb3 Rh1+ 51. Kxh1 a1=Q+ 52. Kg2 Qb2+
53. Kf3 Qxb3+ 54. Re3 Qd1+ 55. Kg3 Qg1+ 56. Kf3 Qh2 57. Kg4 Qg2+ 58. Rg3 f5+
59. gxf6 h5+ 0-1

[Event "España ch sub-16 2012"]
[Site "Salobreña ESP"]
[Date "2012.07.21"]
[Round "9.23"]
[White "Blesa Fernandez, Francisco"]
[Black "Lopez Caudevilla, David"]
[Result "1/2-1/2"]
[WhiteElo "1835"]
[BlackElo "1999"]
[PlyCount "100"]
[EventDate "2012.07.16"]
[EventType "swiss"]
[EventRounds "9"]
[EventCountry "ESP"]
[Source "lmi"]
[SourceDate "2012.07.16"]

1. d4 Nf6 2. c4 g6 3. Nc3 Bg7 4. e4 d6 5. f3 Nc6 6. Be3 O-O 7. Qd2 e5 8. d5 Nd4
9. Nge2 Nxe2 10. Bxe2 c5 11. dxc6 bxc6 12. O-O-O d5 13. exd5 cxd5 14. Nxd5 Nd7
15. Bh6 Nb6 16. Bg5 f6 17. Nxf6+ Bxf6 18. Qxd8 Bxd8 19. Rxd8 Rxd8 20. Bxd8 Be6
21. Bxb6 axb6 22. Kb1 Kf7 23. b3 Kf6 24. Bd3 Rd8 25. Kc2 h5 26. Rd1 g5 27. Be4
Rb8 28. Kc3 g4 29. Bd5 Bxd5 30. cxd5 gxf3 31. gxf3 Ke7 32. Kd3 Kd6 33. Ke4 Rf8
34. Rd2 Rf4+ 35. Ke3 b5 36. a3 Rh4 37. Ra2 Kxd5 38. a4 bxa4 39. bxa4 Kc6 40. a5
Kb7 41. a6+ Ka7 42. Ra5 Rxh2 43. Rxe5 Kxa6 44. f4 Kb6 45. f5 Rh1 46. Re6+ Kc7
47. Rh6 Kd7 48. Kf4 Ke7 49. Kg5 Rg1+ 50. Kxh5 Rh1+ 1/2-1/2

[Event "España ch sub-16 2012"]
[Site "Salobreña ESP"]
[Date "2012.07.21"]
[Round "9.24"]
[White "Ponce Cano, Adrian"]
[Black "Ordas Martinez, Jose"]
[Result "1/2-1/2"]
[WhiteElo "1995"]
[BlackElo "1825"]
[PlyCount "77"]
[EventDate "2012.07.16"]
[EventType "swiss"]
[EventRounds "9"]
[EventCountry "ESP"]
[Source "lmi"]
[SourceDate "2012.07.16"]

1. e4 e6 2. d3 d5 3. Nd2 c5 4. Ngf3 Nc6 5. g3 Nf6 6. Bg2 Be7 7. O-O O-O 8. Re1
b6 9. e5 Nd7 10. Nf1 Bb7 11. h4 Qc7 12. Bf4 Rfd8 13. N1h2 d4 14. Qe2 Rac8 15.
a3 h6 16. Ng4 Bf8 17. h5 Kh8 18. Qd2 Kh7 19. Ngh2 Ne7 20. g4 Nd5 21. Bg3 Nb8
22. g5 Nc6 23. Ng4 Nce7 24. gxh6 gxh6 25. Nf6+ Kh8 26. Nh4 Ng8 27. Ng4 Nde7 28.
Bf4 Bxg2 29. Kxg2 Qc6+ 30. Kh2 Nf5 31. Ng2 b5 32. Rg1 Kh7 33. Qe2 c4 34. Ne1 a5
35. f3 Qe8 36. Kh1 Be7 37. Qh2 Ra8 38. Qe2 Bf8 39. Bc1 1/2-1/2